Pub companies and tenants (Record no. 114956)

MARC details
000 -LEADER
fixed length control field 01010cad a22002055a 4500
001 - CONTROL NUMBER
control field L157764
008 - FIXED-LENGTH DATA ELEMENTS--GENERAL INFORMATION
fixed length control field 130501s2013 xxk f 000 0 eng d
035 ## - SYSTEM CONTROL NUMBER
System control number (Sirsi) u157764
041 0# - LANGUAGE CODE
Language code of text/sound track or separate title eng
110 2# - MAIN ENTRY--CORPORATE NAME
Corporate name or jurisdiction name as entry element United Kingdom
Subordinate unit Department for Business, Innovation and Skills
9 (RLIN) 5760
245 00 - TITLE STATEMENT
Title Pub companies and tenants
Remainder of title a government consultation
Medium [electronic resource]
260 ## - PUBLICATION, DISTRIBUTION, ETC.
Place of publication, distribution, etc. London
Name of publisher, distributor, etc. BIS
Date of publication, distribution, etc. 2013
520 ## - SUMMARY, ETC.
Summary, etc. Sets out proposals to establish a statutory code of practice and appoint an independent adjudicator for the public house sector aimed at ensuring that tied tenants are treated fairly by the pub companies.
520 ## - SUMMARY, ETC.
Summary, etc. Consultation closes 12 June 2013.
651 #4 - SUBJECT ADDED ENTRY--GEOGRAPHIC NAME
Geographic name United Kingdom
Chronological subdivision
690 ## - LOCAL SUBJECT ADDED ENTRY--TOPICAL TERM (OCLC, RLIN)
Topical term or geographic name as entry element Landlord and tenant
9 (RLIN) 6252
690 ## - LOCAL SUBJECT ADDED ENTRY--TOPICAL TERM (OCLC, RLIN)
Topical term or geographic name as entry element Commercial property
9 (RLIN) 6227
856 40 - ELECTRONIC LOCATION AND ACCESS
Uniform Resource Identifier <a href="https://www.gov.uk/government/uploads/system/uploads/attachment_data/file/191061/13-718-pub-companies-and-tenants-a-government-consultation.pdf">https://www.gov.uk/government/uploads/system/uploads/attachment_data/file/191061/13-718-pub-companies-and-tenants-a-government-consultation.pdf</a>
Public note View the item free of charge from the www.gov.uk
942 ## - ADDED ENTRY ELEMENTS (KOHA)
Suppress in OPAC 0
Holdings
Withdrawn status Lost status Source of classification or shelving scheme Damaged status Not for loan Home library Current library Shelving location Date acquired Total Checkouts Full call number Barcode Date last seen Copy number Price effective from Koha item type
    Dewey Decimal Classification     Virtual Virtual Online 01/05/2013   ONLINE PUBLICATION 157764-2001 06/08/2019 1 06/08/2019 Book